|
|
|
|
| LEADER |
01505nam a2200301 a 4500 |
| 001 |
4375479 |
| 008 |
090511s1990 bg b 000 0 eng d |
| 010 |
|
|
|a 90909893
|
| 040 |
|
|
|a DLC
|c DLC
|d DLC
|
| 082 |
0 |
0 |
|a 631.5875
|2 19
|
| 999 |
|
|
|c 10192
|d 10192
|
| 999 |
|
|
|c 10192
|
| 100 |
1 |
|
|a Ahmed, Salehuddin,
|d 1949-
|9 875
|
| 245 |
1 |
0 |
|a Small scale irrigation and the rural poor in South Asia /
|c Salehuddin Ahmed, Gerrit van Vuren.
|
| 260 |
|
|
|a Dhaka, Bangladesh :
|b Centre on Integrated Rural Development for Asia and the Pacific,
|c 1990.
|
| 300 |
|
|
|a xii, 152 p. ;
|c 23 cm.
|
| 490 |
1 |
|
|a CIRDAP study series ;
|v no. 115
|
| 500 |
|
|
|a "The project was executed by CIRDAP, in cooperation with Wageningen Agricultural University (WAU), Department of Irrigation and Soil and Water Conservation, Wageningen, The Netherlands ... ."
|
| 504 |
|
|
|a Includes bibliographical references (p. 147-152).
|
| 541 |
1 |
|
|e 00004809
|
| 650 |
|
0 |
|a Irrigation farming
|x Economic aspects
|z South Asia.
|9 876
|
| 650 |
|
0 |
|a Rural poor
|z South Asia.
|9 877
|
| 700 |
2 |
|
|a Van Vuren, Gerrit.
|9 878
|
| 710 |
2 |
|
|a Center on Integrated Rural Development for Asia and the Pacific.
|9 879
|
| 710 |
2 |
|
|a Landbouwhogeschool Wageningen.
|b Dept. of Irrigation and Soil and Water Conservation.
|9 880
|
| 852 |
4 |
|
|a Ayesha Abed Library
|j General Shelf.
|
| 942 |
|
|
|2 ddc
|c BK
|
| 952 |
|
|
|0 0
|1 0
|2 ddc
|4 0
|6 631_587500000000000_AHM_1990
|7 0
|9 13585
|a BRACUL
|b BRACUL
|c GEN
|d 2010-12-12
|g 0.00
|l 0
|o 631.5875 AHM
|p 3010004809
|r 2010-12-12
|t 1
|w 2010-12-12
|y BK
|z Not price in Register
|